हिन्द स्वराज : नव सभ्यता विमर्श (Record no. 29299)

MARC details
000 -LEADER
fixed length control field 00433nam a22001337a 4500
003 - CONTROL NUMBER IDENTIFIER
control field SGT
020 ## - INTERNATIONAL STANDARD BOOK NUMBER
International Standard Book Number 9788126720842
082 ## - DEWEY DECIMAL CLASSIFICATION NUMBER
Classification number 820
Item number H11B
100 ## - MAIN ENTRY--PERSONAL NAME
Personal name बरनवाल, वीरेंद्र कुमार
245 ## - TITLE STATEMENT
Title हिन्द स्वराज : नव सभ्यता विमर्श
260 ## - PUBLICATION, DISTRIBUTION, ETC. (IMPRINT)
Name of publisher, distributor, etc राजकमल प्रकाशन प्रा. लि.
Year of Publication 2011
300 ## - PAGE DESCRIPTION
No. of Pages 322
942 ## - ADDED ENTRY ELEMENTS (KOHA)
Source of classification or shelving scheme Dewey Decimal Classification
Koha item type Books
Holdings
Withdrawn status Lost status Source of classification or shelving scheme Damaged status Not for loan Home library Current library Shelving location Date acquired Cost, normal purchase price SGTU Total Checkouts Full call number Accession No. (Barcode) Date last seen Bill Date Koha item type
    Dewey Decimal Classification   Not For Loan SGT Chancellor's Library SGT Chancellor's Library Reference Book 24/01/2025 450.00 SGTU   820 H11B CH1951 24/01/2025 24/01/2025 Books
    Dewey Decimal Classification   Not For Loan SGT Chancellor's Library SGT Chancellor's Library Reference Book 14/06/2025   SGTU   820 H11B CH3280 14/06/2025 14/06/2025 Books